Essential environment : (Record no. 13702)

000 -LEADER
fixed length control field 02383cam a2200421 a 4500
001 - CONTROL NUMBER
control field 14433860
003 - CONTROL NUMBER IDENTIFIER
control field OSt
005 - DATE AND TIME OF LATEST TRANSACTION
control field 20160819112724.0
008 - FIXED-LENGTH DATA ELEMENTS--GENERAL INFORMATION
fixed length control field 060630s2007 cauab b 001 0 eng
010 ## - LIBRARY OF CONGRESS CONTROL NUMBER
LC control number 2006021828
015 ## - NATIONAL BIBLIOGRAPHY NUMBER
National bibliography number GBA688606
Source bnb
016 7# - NATIONAL BIBLIOGRAPHIC AGENCY CONTROL NUMBER
Record control number 013579078
Source Uk
020 ## - INTERNATIONAL STANDARD BOOK NUMBER
International Standard Book Number 0805306404 (alk. paper)
020 ## - INTERNATIONAL STANDARD BOOK NUMBER
International Standard Book Number 9780805306408 (alk. paper)
020 ## - INTERNATIONAL STANDARD BOOK NUMBER
International Standard Book Number 0805393676 (professional copy)
020 ## - INTERNATIONAL STANDARD BOOK NUMBER
International Standard Book Number 9780805393675 (professional copy)
035 ## - SYSTEM CONTROL NUMBER
System control number (OCoLC)ocm70265539
035 ## - SYSTEM CONTROL NUMBER
System control number (OCoLC)70265539
040 ## - CATALOGING SOURCE
Original cataloging agency DLC
Transcribing agency DLC
Modifying agency YDX
-- BAKER
-- BTCTA
-- YDXCP
-- VP@
-- UKM
-- YBM
-- DLC
050 00 - LIBRARY OF CONGRESS CALL NUMBER
Classification number GE105
Item number .B74 2007b
082 00 - DEWEY DECIMAL CLASSIFICATION NUMBER
Classification number 363.7
Edition number 22
100 1# - MAIN ENTRY--PERSONAL NAME
Personal name Withgott, Jay.
245 10 - TITLE STATEMENT
Title Essential environment :
Remainder of title the science behind the stories.
250 ## - EDITION STATEMENT
Edition statement 2nd ed.
260 ## - PUBLICATION, DISTRIBUTION, ETC. (IMPRINT)
Place of publication, distribution, etc. San Francisco :
Name of publisher, distributor, etc. Pearson Benjamin Cummings,
Date of publication, distribution, etc. c2007.
300 ## - PHYSICAL DESCRIPTION
Extent xxi, 376, [48] p. :
Other physical details ill. (chiefly col.), col. maps ;
Dimensions 28 cm.
500 ## - GENERAL NOTE
General note Brennan's name appears first on the previous ed.
500 ## - GENERAL NOTE
General note Abridged ed. of: Environment. 2nd ed. c2007.
504 ## - BIBLIOGRAPHY, ETC. NOTE
Bibliography, etc Includes bibliographical references (p. R-1 - R-13) and index.
505 0# - FORMATTED CONTENTS NOTE
Formatted contents note 1: Foundations of environmental science -- An introduction to environmental science -- Environmental economics and environmental policy -- Environmental systems: chemistry, energy, and ecosystems -- Evolution, biodiversity, and population ecology -- Species interactions and community ecology -- 2: Environmental issues and the search for solutions -- Human population -- Soil, agriculture, and the future of food -- Biodiversity and conservation biology -- Cities, forests, and parks: land use and resource management -- Environmental health and toxicology -- Freshwater and marine systems and resources -- Atmospheric science, air pollution, and global climate change -- Nonrenewable energy sources, their impacts, and energy conservation -- Renewable energy alternatives -- Waste management -- Epilogue: Sustainable solutions.
650 #0 - SUBJECT ADDED ENTRY--TOPICAL TERM
Topical term or geographic name as entry element Environmental sciences.
700 1# - ADDED ENTRY--PERSONAL NAME
Personal name Brennan, Scott R.
700 1# - ADDED ENTRY--PERSONAL NAME
Personal name Withgott, Jay.
Title of a work Environment.
856 41 - ELECTRONIC LOCATION AND ACCESS
Materials specified Table of contents only
Uniform Resource Identifier <a href="http://www.loc.gov/catdir/toc/ecip0616/2006021828.html">http://www.loc.gov/catdir/toc/ecip0616/2006021828.html</a>
906 ## - LOCAL DATA ELEMENT F, LDF (RLIN)
a 7
b cbc
c orignew
d 1
e ecip
f 20
g y-gencatlg
942 ## - ADDED ENTRY ELEMENTS (KOHA)
Source of classification or shelving scheme
Koha item type Hard Covered Materials
Holdings
Withdrawn status Lost status Source of classification or shelving scheme Damaged status Not for loan Home library Current library Shelving location Date acquired Source of acquisition Total Checkouts Full call number Barcode Date last seen Date last checked out Price effective from Koha item type
          MACHAKOS UNIVERSITY LIBRARY MACHAKOS UNIVERSITY LIBRARY Open shelf 19/08/2016 Donation(BFA) 1 GE 105 .B74 2007 24905 04/11/2020 07/03/2020 19/08/2016 Hard Covered Materials
© Machakos University Library, Along The Highway, Machakos Wote Rd, Machakos, Kenya P.O. Box 136 - 90100 Machakos - Kenya

Tel: ( +254 ) 723 805829 OR Fax : 044-20353 OR Email: library@mksu.ac.ke